banner koha

Plantas e constituintes químicos empregados em Odontologia: revisão de estudos etnofarmacológicos e de avaliação da atividade antimicrobiana in vitro em patógenos orais (Registro n. 299379)

MARC details
000 -LÍDER
fixed length control field 04428nab a2200325 i 4500
003 - CÓDIGO MARC DA AGÊNCIA CATALOGADORA
Campo de controle BR-BrBNA
005 - DATA E HORA DA ÚLTIMA ATUALIZAÇÃO
Campo de controle 20240429155950.0
008 - CAMPO DE TAMANHO FIXO
fixed length control field 240429b2014 bl.qr|pooa||| 00| 0 por |
040 ## - FONTE DA CATALOGAÇÃO
Agência catalogadora BR-BrBNA
Idioma da catalogação por
072 ## - CATEGORIA AGRIS
Código AGRIS F60
072 ## - CATEGORIA AGRIS
Código AGRIS S01
072 ## - CATEGORIA AGRIS
Código AGRIS F70
100 ## - ENTRADA PRINCIPAL - NOME PESSOAL
Nome pessoal Vieira, D.R.P.
100 ## - ENTRADA PRINCIPAL - NOME PESSOAL
Nome pessoal Amaral, F.M.M.
100 ## - ENTRADA PRINCIPAL - NOME PESSOAL
Nome pessoal Maciel, M.C.G.
100 ## - ENTRADA PRINCIPAL - NOME PESSOAL
Nome pessoal Nascimento, Flávia F.R.F.
100 ## - ENTRADA PRINCIPAL - NOME PESSOAL
Nome pessoal Libério, A.S.
245 ## - TÍTULO PRINCIPAL
Título principal Plantas e constituintes químicos empregados em Odontologia: revisão de estudos etnofarmacológicos e de avaliação da atividade antimicrobiana in vitro em patógenos orais
500 ## - NOTA GERAL
Nota geral Publicação on-line; Bibliography p. 162-167 (122 ref.); 3 tables; Summaries (En, Pt)
942 ## - ADDED ENTRY ELEMENTS (KOHA)
Koha item type
520 ## - NOTA DE RESUMO
Nota de conteúdo <br/><br/>RESUMO: <br/><br/>Produtos derivados de plantas podem representar estratégia promissora na<br/>odontologia. Desse modo, o objetivo deste trabalho foi levantar na literatura os estudos sobre<br/>o uso popular de plantas em afecções orais, bem como os estudos de avaliação da atividade<br/>antimicrobiana in vitro de extratos vegetais e compostos isolados sobre patógenos orais,<br/>no período de 1996 a 2011. Quarenta e sete famílias botânicas foram referidas, com maior<br/>número de citações para Anacardiaceae, sendo Anacardium occidentale L., a espécie mais<br/>citada. O levantamento sobre estudos de avaliação antimicrobiana relacionou extratos de<br/>sessenta e seis espécies vegetais pertencentes a trinta e oito famílias botânicas, destacando-se<br/>Anacardiaceae, com pesquisas realizadas de forma predominante com as folhas, investigadas<br/>pelo método de difusão em ágar. Cinquenta e oito substâncias isoladas de plantas foram<br/>avaliadas, demonstrando que Terminalia chebula Retz (Combretaceae) representa a espécie<br/>vegetal com atividade antimicrobiana in vitro mais significativa, apresentando halo de inibição<br/>de 32,97 mm contra Staphylococcus aureus, microrganismo encontrado em infecções orais;<br/>enquanto ácido tetra iso-alfa isolada de Humulus lupulus L. (Canabinaceae) apresentou maior<br/>halo de inibição para Streptococcus mutans (26,0 mm). Os resultados apresentados devem<br/>estimular o desenvolvimento dos estudos de validação na garantia do uso seguro e eficaz de<br/>espécies vegetais em odontologia.<br/><br/>Palavras-chave: Plantas medicinais, saúde bucal, infecções orais, in vitro, revisão.
520 ## - NOTA DE RESUMO
Nota de conteúdo <br/><br/>ABSTRACT: <br/><br/>Plants and chemical constituents used in dentistry: review of<br/>ethnopharmacological and antimicrobial activity studies in oral pathogens. Products<br/>derived from plants may represent a promising strategy in dentistry. Thus, the objective of<br/>this paper is to review studies of the popular use of plants in oral diseases, as well as studies<br/>evaluating the in vitro antimicrobial activity of plant extracts and isolated compounds in oral<br/>pathogens from 1996 to 2011. Forty-seven botanical families were mentioned, with the highest<br/>number of referencesfor Anacardiaceae, and Anacardium occidentale L. was the most mentioned<br/>specie. The review of antimicrobial activity studies relatedextracts from sixty-six plant species<br/>belonging to thirty-eight botanical families, especially Anacardiaceae, being predominant tests<br/>with leaves, investigated by the agar diffusion method. Fifty-eight compounds isolated from<br/>plants have been evaluated, showing that Terminalia chebula Retz (Combretaceae) represents<br/>the plant species with more meaningful in vitro antimicrobial activity, with inhibition zone of<br/>32.97 mm against Staphylococcus aureus, microorganism found in oral infections, while tetra<br/>iso-alpha acid isolated from Humulus lupulus L. (Canabinaceae) showed greater inhibition zone<br/>for Streptococcus mutans (26.0 mm). The presented results should encourage the development<br/>of validation studies, ensuring the safe and effective use of plant species in dentistry.<br/><br/>Keywords: Medicinal plants; oral health; oral pathogens; in vitro; review.<br/>
650 ## - ASSUNTO - THESAGRO
Cabeçalho tópico ou nome geográfico PLANTA MEDICINAL
650 ## - ASSUNTO - THESAGRO
Cabeçalho tópico ou nome geográfico SAÚDE
650 ## - ASSUNTO - THESAGRO
Cabeçalho tópico ou nome geográfico BOCA
650 ## - ASSUNTO - THESAGRO
Cabeçalho tópico ou nome geográfico INFECÇÃO
773 0# - ENTRADA ANALÍTICA
Host Biblionumber 3543
Registro do item 314768
Imprenta Botucatu-SP Instituto de Biociências - Departamento de Química e Bioquímica 1998
Outro identificador 2024-1020
Título Revista Brasileira de Plantas Medicinais (Brazil)
ISSN 1516-0572
Colação v. 16(1) p. 135-167; (2014)
Número de controle de registro BR2024000704
856 ## - ACESSO E ENDEREÇO ELETRÔNICO
Identificador uniforme de recurso - URI https://www.scielo.br/j/rbpm/a/NPqgLXpnh7LQxhRqg4zCKqF/?format=pdf&lang=pt

Nenhum exemplar disponível.

BINAGRI

Telefone: (61)3218-2567/2388/3357/2097 - binagri@agro.gov.br

Ministério da Agricultura e Pecuária , Esplanada dos Ministérios, Bloco D, Anexo B, Brasília/DF, CEP: 70.043-900